000 00459nam a2200181Ia 4500
001 19607
005 20260306172705.0
008 260306t2018||||xx |||||||||||||| ||spa||
041 _aESP
082 _a340.7
_bE373 Nº 31
100 _aDonayre M., Christian
_eAUT
245 0 _aLas fuerzas armadas y la Policía Nacional del Perú
260 _c2018
300 _a188 páginas :
_c20 cm.
650 _aGEN
654 _aCDE
942 _cLIB
_dJUS
_fJUS
_2ddc
_n
999 _c19607
_d19607